Histoires d'eaux (notice n° 8995)

détails MARC
000 -Label
leader 00846cam a2200229 4500
010 ## - ISBN
ISBN 9782958847616
099 ## - Informations locales
Type de document Livre
100 ## - Données générales de traitement
a 20240723d2024 m y0frey50 ba
101 0# - Langue
langue document français
102 ## - Pays d'édition ou de production
pays d'édition France
200 1# - Titre
titre propre Histoires d'eaux
type de document Livre
auteur Viviane Dalles
210 ## - Editeur
lieu de publication France
nom de l'éditeur L'Atelier Val d'Aigoual
date de publication 2023
215 ## - Description
Importance matérielle 63p.
autres carac. ill. en coul.
format 24 cm
330 ## - Résumé
Résumé Mon père disait qu'une femme pouvait remonter le lit de la rivière sans se mailler les bas, tellement le lit de la rivière était propre. Patrice, La Pieyre, septembre 2020.
606 ## - sujets
numéro de la notice d'autorité Histoires d'eaux
sujet Photographie
koha internal code 24065
700 ## - Auteur
N° autorité 15796989
auteur Dalles
prénom Viviane
code de fonction Auteur
koha internal code 24062
701 ## - coauteur
code de fonction Conception Graphique
nom Martin-Célo
prénom Line
koha internal code 24063
701 ## - coauteur
code de fonction Photographe
nom Les Artisans du regard
koha internal code 24064
801 #0 - source de catalogage
pays TN
agence de catalogage 32BIS
date de la transaction 20251016
règles de catalogage utilisées UNIMARC
830 ## - note
catalogeur MS
Exemplaires
Propriétaire Dépositaire Localisation Code barre Numéro Inventaire Cote Note Statut
The 32bis Library The 32bis Library Salle de lecture 32BIS 006801 6729 779 DAL Don Imen Bahri Consultable sur place
32 bis, rue Ben Ghedhahem 1000 Tunis - Tunisie www.32bis.org
Contact : mediatheque@32bis.org